000 00841cam a22002654a 4500
001 14090838
005 20180223083056.0
008 050829s2005 nyu bf 000 0 eng
010 _a 2005025191
020 _a9781596670167
020 _a1596670169 (pbk.)
040 _aDLC
_cDLC
_dDLC
041 _aeng
042 _apcc
043 _an-us---
080 _a371.2012 sto
082 0 0 _a371.2012 sto
_222
100 1 _a48
101 _aedu
245 1 0 _aSmart, fast, efficient :
_cLeanna Stohr Isaacson.
504 _aIncludes bibliographical references (p. 209-222)
906 _a7
_bcbc
_corignew
_d1
_eecip
_f20
_gy-gencatlg
942 _2ddc
_cBK
999 _c43312
_d43312